Cyclisme : Top 25 du Classement par équipe UCI 2024 - Statistiques

Statistiques générales
  • Ce quiz a été pris 217 fois
  • Le résultat moyen est 17 sur 25
Statistiques - réponses
Position Nombre de Points Réponse % Correct
1er 36808,6 UAE Team Emirates
99%
2eme 20384,98 Visma Lease a Bike
97%
3eme 17844,97 Soudal Quick Step
94%
10eme 12062 Groupama FDJ
90%
6eme 15596,98 Decathlon Ag2r La Mondiale
88%
20eme 7772,55 Cofidis
81%
8eme 14700 Alpecin Deceuninck
80%
7eme 15531,97 Ineos Grenadier
79%
4eme 17800 Lidl Trek
74%
5eme 16734,33 Red Bull Bora Hansgrohe
73%
19eme 8615 Arkéa B&B Hotels
71%
11eme 11297,95 EF Education Easypost
70%
21eme 6383,24 Astana Qazaqstan Team
69%
15eme 9732 Intermarché Wanty
68%
13eme 10805 Movistar
67%
22eme 5753,33 Tudor Pro Cycling Team
65%
12eme 11242,33 Israel Premier Tech
63%
14eme 10348,3 Jayco ALUla
58%
18eme 8684,67 Uno-X Mobility
58%
16eme 9348,63 DSM Firmeninch PostNL
51%
17eme 9309,45 Bahrain Victorious
49%
25eme 3579,81 Q36.5 Pro Cycling Team
40%
23eme 4897 TotalEnergies
40%
9eme 12120,29 Lotto Dstny
33%
24eme 3915 Caja Rural
18%
Aucun quiz correspondant
Distribution des résultats
% des personnes avec chaque résultat
Percentile par nombre de réponses
Votre historique - résultats
Vous n’avez pas pris ce quiz